Einfluss der thermomechanischen Behabdlung auf gefuge und mechanische Eigenschaften des Stahles 50 HSA / (Rekord nr 7395)
| 000 -ETYKIETA REKORDU | |
|---|---|
| podpole kontrolne o stałej długości | 00828naa a22002057a 4500 |
| 003 - IDENTYFIKATOR NUMERU KONTROLNEGO REKORDU | |
| podpole kontrolne | BPK |
| 005 - DATA OSTATNIEJ MODYFIKACJI REKORDU | |
| podpole kontrolne | 20160229120230.0 |
| 008 - POLE O STAŁEJ DŁUGOŚCI - DANE KONTROLNE | |
| podpole kontrolne o stałej długości | 160229b1985 gw ||||| |||| 10| 0 ger |
| 040 ## - ŹRÓDŁO KATALOGOWANIA | |
| Instytucja, która utworzyła rekord | BPK |
| 041 ## - KOD JĘZYKA | |
| Kod języka tekstu | ger |
| 044 ## - KOD KRAJU WYDAWCY/PRODUCENTA | |
| Kod kraju wydawcy/producenta | DEU |
| 100 ## - NAZWA OSOBOWA | |
| Nazwa osobowa | LACKOWSKI, Bogusław. |
| Lata pracy | 1980 - 2005. |
| Instytucja | Wyższa Szkoła Inżynierska w Koszalinie - Wydział Mechaniczny, |
| Wydział | Zakład Obróbki Plastycznej |
| 245 ## - TYTUŁ/ODPOWIEDZIALNOŚĆ | |
| Tytuł | Einfluss der thermomechanischen Behabdlung auf gefuge und mechanische Eigenschaften des Stahles 50 HSA / |
| Pozostałe elementy strefy tytułu i oznaczenia odpowiedzialności | Bogusław Lackowski. |
| 260 ## - STREFA ADRESU WYDAWNICZEGO | |
| Data publikacji, dystrybucji/powstania dokumentu | 1985. |
| 500 ## - UWAGI OGÓLNE | |
| Tekst uwagi | Dane z kartoteki bpp. |
| 655 #0 - TERMIN INDEKSOWY - OKREŚLENIE RODZAJU/FORMY DOKUMENTU | |
| Określnie rodzaju/formy dokumentu | Materiały konferencyjne. |
| 711 ## - HASŁO DODATKOWE - NAZWA IMPREZY | |
| Nazwa imprezy | Warmebehandlungstagung |
| Oznaczenie części/sekcji dzieła | (2 ; |
| Data imprezy | 1985.04.16-18 ; |
| Miejsce imprezy | Chemnitz, Germany). |
| 773 ## - TYTUŁ DOKUMENTU MACIERZYSTEGO | |
| Wyrażenie wprowadzające | W : |
| Tytuł | II Warmebehandlungstagung : Tagungsberichte. - |
| Adres wydawniczy | Chemnitz, 1985. - |
| Informacje dotyczące relacji | P. 39 H. 2 |
| 942 ## - HASŁO DODATKOWE - ELEMENTY(KOHA) | |
| Typ dokumentu | Artykuł |
| Schemat klasyfikacji | Uniwersalna klasyfikacja dziesiętna |
Brak dostępnych egzemplarzy.
